| 000 | 01290nam a2200325 4500 | ||
|---|---|---|---|
| 003 | EG-GICUC | ||
| 005 | 20260121101053.0 | ||
| 008 | 251027s1997 ua ||||fr|||| 00| 0 ara d | ||
| 017 | _a972889 | ||
| 020 | _a977041656 | ||
| 040 |
_a EG-GICUC _bara _c EG-GICUC _d EG-GICUC _erda |
||
| 041 | 0 | _aara | |
| 082 | 0 | 4 |
_221 _a341.8 _bع ب . ح |
| 092 | 0 | 4 | _221 |
| 099 | _aLaw1 12 341.8 ع ب . ح 1997 | ||
| 100 | 0 |
_aعبد الحكيم مصطفى عبد الرحمن _eمؤلف. |
|
| 245 | 1 | 0 |
_aحماية المستهلك فى القانون الدولى الخاص / _cعبد الحكيم مصطفى عبد الرحمن |
| 264 | 1 |
_aالقاهرة: _bدار النهضة العربية: _c1997. |
|
| 300 |
_a102؛صفحة _c24 سم |
||
| 336 |
_2rda content _atext |
||
| 337 |
_2rda media _aComputer |
||
| 338 |
_2rda carrier _aOnline Resource |
||
| 504 | _aيحتوي على ارجاعات ببليوجرافية يحتوي على قائمة بالمراجع | ||
| 546 | _aالنص أغلبه باللغة العربية مع بعض النصوص الفرنسية | ||
| 650 | 1 | _aالقانون الدولى الخاص | |
| 650 | 1 | _aحماية المستهلك | |
| 856 | 4 | 0 | _uhttps://fll.law.cu.edu.eg/fulltext/bks/B12-00327.pdf |
| 905 | _aRawan khaled | ||
| 942 |
_2ddc _n0 _cBK _e21 |
||
| 999 |
_c37947 _d37947 |
||